| 000 | 00858nam a2200205Ia 4500 | ||
|---|---|---|---|
| 999 |
_c37416 _d37416 |
||
| 001 | 3375 | ||
| 003 | GE_BSU | ||
| 005 | 20190605193431.0 | ||
| 008 | 181216s1959||||ge |||||||||||||| ||geo|| | ||
| 040 | _cGE_BSU | ||
| 041 | _ageo | ||
| 080 | _a539.3+539.214 კ–17 | ||
| 100 |
_aკაკუშაძე, ა.მ. _92179 |
||
| 245 |
_aდრეკადობის და პლასტიკურობის თეორია : სახელმძღვ. / _cა.მ. კაკუშაძე ; რედ : გ .მ. მუხაძე. |
||
| 264 |
_aთბილისი : _bცოდნა, _c1959. |
||
| 300 |
_a331 გვ .: _c22 სმ. |
||
| 653 | _aდრეკადობის და პლასტიკურობის თეორია | ||
| 700 |
_aმუხაძე, მ _eრედაქტორი _92143 |
||
| 942 |
_cBK _2udc |
||